<?xml version="1.0" encoding="UTF-8"?>
<record
    xmlns:xsi="http://www.w3.org/2001/XMLSchema-instance"
    xsi:schemaLocation="http://www.loc.gov/MARC21/slim http://www.loc.gov/standards/marcxml/schema/MARC21slim.xsd"
    xmlns="http://www.loc.gov/MARC21/slim">

  <leader>01968nab a2200253uuc4500</leader>
  <controlfield tag="001">1306328</controlfield>
  <controlfield tag="005">20240921090801.0</controlfield>
  <controlfield tag="008">121119e20120601                    spa  </controlfield>
  <datafield tag="035" ind1=" " ind2=" ">
    <subfield code="a">1306328</subfield>
  </datafield>
  <datafield tag="040" ind1=" " ind2=" ">
    <subfield code="c">comduadb</subfield>
  </datafield>
  <datafield tag="041" ind1=" " ind2=" ">
    <subfield code="a">spa</subfield>
  </datafield>
  <datafield tag="100" ind1="1" ind2="0">
    <subfield code="a">Gil Montoya, Francisco</subfield>
    <subfield code="4">aut</subfield>
    <subfield code="e">aut</subfield>
    <subfield code="9">628428</subfield>
  </datafield>
  <datafield tag="245" ind1="1" ind2="0">
    <subfield code="a">T&#xE9;cnicas de investigaci&#xF3;n en calidad el&#xE9;ctrica: ventajas e inconvenientes</subfield>
  </datafield>
  <datafield tag="520" ind1="3" ind2=" ">
    <subfield code="a">La calidad el&#xE9;ctrica juega un papel important&#xED;simo en las redes el&#xE9;ctricas de hoy en d&#xED;a. Por esta raz&#xF3;n, es de vital importancia contar con herramientas adecuadas que permitan una eficaz detecci&#xF3;n de anomal&#xED;as o perturbaciones en dichos sistemas el&#xE9;ctricos. Frente a las t&#xE9;cnicas usadas tradicionalmente, como la transforma de Fourier, hoy en d&#xED;a se est&#xE1;n desarrollando nuevos m&#xE9;todos basados en transformadas de dominio, como la Transformada Wavelet o la Transformada S, unido a t&#xE9;cnicas basadas en inteligencia artificial como la l&#xF3;gica difusa o las redes neuronales. En este art&#xED;culo se hace un repaso, a la vez que se discuten estas nuevas t&#xE9;cnicas, situ&#xE1;ndolas en contexto con las t&#xE9;cnicas tradicionales y poniendo de manifiesto la superioridad y precisi&#xF3;n que se consigue aplicando estos nuevos paradigmas matem&#xE1;ticos. Se detalla, fundamentalmente, la Transformada S y la Wavelet como herramienta de gran proyecci&#xF3;n y futuro en el an&#xE1;lisis de la calidad el&#xE9;ctrica debido a su precisi&#xF3;n, inmunidad al ruido e informaci&#xF3;n de calidad que aporta.</subfield>
  </datafield>
  <datafield tag="650" ind1=" " ind2=" ">
    <subfield code="a">Calidad de la energ&#xED;a</subfield>
    <subfield code="9">99288</subfield>
  </datafield>
  <datafield tag="650" ind1=" " ind2=" ">
    <subfield code="a">Transformada de Wavelet</subfield>
    <subfield code="9">32986</subfield>
  </datafield>
  <datafield tag="650" ind1=" " ind2="7">
    <subfield code="a">Redes neurales (Computadores)</subfield>
    <subfield code="2">lemb</subfield>
    <subfield code="9">198995</subfield>
  </datafield>
  <datafield tag="650" ind1=" " ind2="7">
    <subfield code="a">L&#xF3;gica difusa</subfield>
    <subfield code="2">lemb</subfield>
    <subfield code="9">15519</subfield>
  </datafield>
  <datafield tag="700" ind1="1" ind2="0">
    <subfield code="a">Manzano Agugliaro, Francisco</subfield>
    <subfield code="4">aut</subfield>
    <subfield code="e">aut</subfield>
    <subfield code="9">644656</subfield>
  </datafield>
  <datafield tag="700" ind1="1" ind2="0">
    <subfield code="a">G&#xF3;mez L&#xF3;pez, Julio</subfield>
    <subfield code="4">aut</subfield>
    <subfield code="e">aut</subfield>
    <subfield code="9">468807</subfield>
  </datafield>
  <datafield tag="700" ind1="1" ind2="0">
    <subfield code="a">Sanchez Alguacil, Pedro</subfield>
    <subfield code="4">aut</subfield>
    <subfield code="e">aut</subfield>
    <subfield code="9">656413</subfield>
  </datafield>
  <datafield tag="773" ind1="0" ind2=" ">
    <subfield code="t">DYNA (Medell&#xED;n)</subfield>
    <subfield code="g">Volumen 079, N&#xFA;mero 173, Junio 2012, 66-74</subfield>
    <subfield code="w">188384</subfield>
    <subfield code="x">0012-7353</subfield>
    <subfield code="0">82258</subfield>
  </datafield>
  <datafield tag="942" ind1=" " ind2=" ">
    <subfield code="c">ARIMP</subfield>
  </datafield>
  <datafield tag="999" ind1=" " ind2=" ">
    <subfield code="c">632256</subfield>
    <subfield code="d">632256</subfield>
  </datafield>
</record>
